000 01163pam a2200349 a 4500
001 5867
003 FISKH
005 20250127104159.0
008 881031s1990 nyua j 000 0 eng
010 _a 88032736
020 _a068808950X (trade) :
_c$13.95
020 _a0688089518 (library)
040 _aDLC
_cDLC
_dDLC
_beng
050 _aQC981.R64
082 _a551.6
100 1 _aRogers, Paul,
_d1950-
245 1 0 _aWhat will the weather be like today? /
_cPaul Rogers ; pictures by Kazuko.
250 _aFirst Scholastic printing, September 1991
260 _aNew York :
_bScholastic,
_c1989.
300 _a30 unnumbered pages :
_bcolor illustrations ;
_c25 cm
500 _a"First published in Great Britain in 1989 by Orchard Books"--T.p. verso.
505 _aJ
520 _aAnimals and humans discuss, in rhyming verse, the possibilities of the day's weather.
521 8 _a470
_bLexile AD
521 8 _aJ
_bRaz-Plus
650 0 _aWeather
_xJuvenile literature.
650 1 _aWeather.
700 0 _aKazuko,
_eillustrator
906 _a7
_bcbc
_corignew
_d1
_eocip
_f19
_gy-gencatlg
942 _2ddc
_cBK
_n0
999 _c5867
_d5867